"Cell Biology,Genetics,Molecular Biology,Evolution and Ecology" (Record no. 60660)

MARC details
000 -LEADER
fixed length control field 00483nam a2200181Ia 4500
008 - FIXED-LENGTH DATA ELEMENTS--GENERAL INFORMATION
fixed length control field 230524s9999 xx 000 0 und d
020 ## - INTERNATIONAL STANDARD BOOK NUMBER
ISBN 9788121924429
082 ## - DEWEY DECIMAL CLASSIFICATION NUMBER
Classification number 574.87
Item number VER
100 ## - MAIN ENTRY--AUTHOR NAME
Personal name Dr. P.S.Verma
245 #0 - TITLE STATEMENT
Title "Cell Biology,Genetics,Molecular Biology,Evolution and Ecology"
250 ## - EDITION STATEMENT
Edition statement 1
260 ## - PUBLICATION, DISTRIBUTION, ETC. (IMPRINT)
Place of publication New Delhi
Name of publisher S.Chand
Year of publication 2021
300 ## - PHYSICAL DESCRIPTION
Number of Pages "xxiii,294p;"
500 ## - GENERAL NOTE
General note Quantity Number: 2
650 ## - SUBJECT ADDED ENTRY--TOPICAL TERM
Topical Term Biotechnology
700 ## - ADDED ENTRY--PERSONAL NAME
Personal name Dr. V.K. Agarwal
942 ## - ADDED ENTRY ELEMENTS (KOHA)
Koha item type Books
Holdings
Lost status Damaged status Permanent Location Current Location Shelving location Date acquired Full call number Accession Number Koha item type
    Central Library, Trident Academy of Technology Central Library, Trident Academy of Technology General Stacks 05/24/2023 574.87 VER 59818 Books
    Central Library, Trident Academy of Technology Central Library, Trident Academy of Technology General Stacks 05/24/2023 574.87 VER 59819 Books
Trident Academy of Technology © 2023.
All rights reserved.                                                                                                                                                                                                        Designed by Team of Central Library .

Powered by Koha